000 00699nam a2200289Ia 4500
005 20260324123805.0
008 008 260324s9999 xx 000 0 eng d
020 _a9781351278720
037 _aEBOOK
040 _aCRL
040 _beng
040 _cCRL
041 _2eng
041 _aeng
084 _qCRL
100 _aNicolas Sireau
_91165149
245 0 _aMicrofranchising
245 0 _bHow Social Entrepreneurs are Building a New Road to Development
260 _bTaylor and Francis
260 _c2011
365 _a
365 _b190
856 _uhttp://www.taylorfrancis.com/books/9781351278720
942 _cEBOOK
999 _c1765486
_d1765486